| 000 | 00370nam a22001577a 4500 | ||
|---|---|---|---|
| 020 | _a978-93-5103-571-8 | ||
| 082 |
_a823 _bMAR/A |
||
| 100 | _aMARVEL | ||
| 245 |
_aAVENGERS GENESIS _bGENESIS |
||
| 246 |
_aAVENGERS GENESIS _bGENESIS |
||
| 260 |
_aAUSTRALIA _bSCHOLASTIC AUSTRALIA _c2014 |
||
| 300 | _a95 | ||
| 520 | _aSHORT STORY | ||
| 650 | _aSHORT STORY | ||
| 942 | _cBK | ||
| 999 |
_c3358 _d3358 |
||